00547nam a2200181 a 45000010010000000030011000100080041000210350026000620820016000881000015001042450056001192600042001756500011002179420012002289520090002409980020003309990015003500000-8936ELIB.Books110520 1895  a(ELIB.Books)0000-9084 a246.1 bSha aShaw, S.B. aTouching incidents and remarkable answers to prayer bGrand Rapids: S.B. Publishers. c1895 aPrayer 2ddccBK 00102ddc4070aKBTSbKBTSd2011-05-20l0p6961r2022-01-22 00:00:00w2022-01-22yBK cbate2011-05-20 c8936d8936